[Event "IECC CL5-2003.24 email"]
[Site "IECC email"]
[Date "2003.11.06"]
[Round "?"]
[White "Svec, Vita"]
[Black "Bieker, Peter"]
[Result "0-1"]
[WhiteElo "1500"]
[BlackElo "1471"]
[PlyCount "40"]
[EventDate "2003.??.??"]
[EventType "tourn (corr)"]
[EventRounds "4"]
[SourceTitle "Corr 2008"]
[Source "ChessBase"]
[SourceDate "2008.06.24"]
[SourceVersion "1"]
[SourceVersionDate "2008.06.24"]
[SourceQuality "1"]

1. e4 c6 2. d4 d5 3. Nc3 dxe4 4. Nxe4 Bf5 5. Ng3 Bg6 6. Nf3 Nd7 7. Bf4 e6 8. Bd3 Bxd3 9. Qxd3 Ngf6 10. 0-0 Be7 11. c4 0-0 12. Rfe1 Re8 13. Re2 a5 14. Rae1 a4 15. Ne5 Nxe5 16. Bxe5 Ng4 17. f4 f6 18. Bxf6 Bxf6 19. Rxe6 Bxd4+ 20. Kf1 Nxh2+ 0-1

[Event "IECC CL5-2003.24 email"]
[Site "IECC email"]
[Date "2003.11.06"]
[Round "?"]
[White "Svec, Vita"]
[Black "Wakeham, Marc R"]
[Result "0-1"]
[WhiteElo "1449"]
[BlackElo "1478"]
[PlyCount "54"]
[EventDate "2003.??.??"]
[EventType "tourn (corr)"]
[EventRounds "4"]
[SourceTitle "Corr 2008"]
[Source "ChessBase"]
[SourceDate "2008.06.24"]
[SourceVersion "1"]
[SourceVersionDate "2008.06.24"]
[SourceQuality "1"]

1. e4 d6 2. d4 Nf6 3. Nc3 g6 4. Nf3 Bg7 5. Be2 0-0 6. 0-0 c5 7. Be3 cxd4 8. Nxd4 Nc6 9. Qd2 Bd7 10. Rad1 a6 11. f4 Ng4 12. Bxg4 Bxg4 13. Rde1 Rc8 14. Rf2 b5 15. Ref1 Nxd4 16. Bxd4 Bxd4 17. Qxd4 Rc4 18. Qe3 Bd7 19. f5 f6 20. fxg6 hxg6 21. Qh6 Qe8 22. Rf4 Qf7 23. Rh4 Qg7 24. Rff4 b4 25. Nd5 g5 26. Nxe7+ Kf7 27. Nd5 Qxh6 0-1